000 00616cam a2200217 i 4500
999 _c112483
_d112483
001 19334758
005 20200729111609.0
008 161014s2018 nyu 000 0 eng
020 _a9789352860197
040 _cPK-LaUMT
082 0 0 _a657.42
_223
_bDAT-H
100 1 _aDatar, Srikant M.
245 1 0 _aHorngren's cost accounting :
_ba managerial emphasis /
_cSrikant M. Datar and Madhav V. Rajan
250 _a16th ed.
260 _aChennai :
_bPearson,
_c2018
300 _a1320 p. ;
_c29 cm
650 0 _aCost accounting.
700 1 _aRajan, Madhav V.,
700 1 _aHorngren, Charles T.,
942 _cBK